|
|
|
|
| LEADER |
00636nam a22001817a 4500 |
| 005 |
20160826095607.0 |
| 008 |
091030t xxu||||| |||| 00| 0 eng d |
| 082 |
|
|
|a 519.226
|b SHE
|
| 100 |
|
|
|a Shenton, L.R
|9 728
|
| 245 |
|
|
|a Maximum likelihood estimation in small samples
|
| 490 |
|
|
|a Griffin's statistical monograph series
|v 38
|
| 653 |
|
|
|a Estimation- small samples
|
| 700 |
|
|
|a Bowman,K.O
|9 727
|
| 942 |
|
|
|c BK
|6 _
|
| 260 |
|
|
|a London
|b Charles Griffin&Company Ltd
|c 1977
|
| 020 |
|
|
|a 0 85264 238 5
|
| 999 |
|
|
|c 178231
|d 178231
|
| 952 |
|
|
|0 0
|1 0
|2 ddc
|4 0
|6 519226_SHE
|7 0
|9 230470
|a STA
|b STA
|c GEN
|d 2009-10-30
|o 519.226 SHE
|p STA399
|r 2009-10-30
|w 2009-10-30
|y BK
|